00445nam a2200133Ia 450000500170000000800460001703700290006304000210009204100130011308400240012624500920015026000590024230000100030120250508155459.0008 250505s9999 xx 000 0 eng d aBooks to be hide in OPAC aFEDL bengcFEDL aeng2eng a378.5412, BIHqFEDL 0aReport of the Bihar education re-organisation committee on university, ETC., Education. aBihar, IndiabSuperintendent Government Printingc1941 a229p.